| 000 | 01127cad a22002295a 4500 | ||
|---|---|---|---|
| 001 | L142683 | ||
| 008 | 08228 s2007 xxkd f s 000 0 eng d | ||
| 035 | _a(Sirsi) u142683 | ||
| 041 | 0 | _aeng | |
| 050 | 0 | 4 | _a333.33 $2 18 |
| 110 | 2 |
_aSavills Research _95211 |
|
| 245 | 0 | 0 |
_aPrime market bulletin _bFebruary 2008 _h[electronic resource] |
| 260 |
_aLondon _bSavills Research _c2008 |
||
| 520 | _aFinds that the global credit crisis has caused risks associated with prime central London to rise. Values fell by 2% in the last quarter of 2007. 5% growth is still predicted for 2008. The top end of both London and regional market are bucking the trend. The South West of London was the best performing market. Rental growth is slowing. The rural market reports growing confidence among farmer. Graphs. | ||
| 590 | _aKA | ||
| 651 | 4 |
_aUnited Kingdom _y |
|
| 690 | _aPROPERTY-RESIDENTIAL PROPERTY-RESIDENTIAL PROPERTY MARKET | ||
| 700 | 1 | _aBlack, Harriet | |
| 700 | 1 | _aCook, Lucian | |
| 856 | 4 | 0 |
_uhttps://www.savills.co.uk/research/Report.aspx?nodeID=9202# _zView the item free of charge at www.savills.co.uk... |
| 942 | _n0 | ||
| 999 |
_c107937 _d107937 |
||